Can You Guess ESPN's Top 100 In The NBA? 2019-2020 - Statistics

General Stats
  • This quiz has been taken 1,049 times
  • The average score is 64 of 100
Answer Stats
Rank Team Answer % Correct
1 Milwaukee Bucks Giannis Antetokounmpo
100%
4 Houston Rockets James Harden
99%
2 LA Clippers Kawhi Leonard
99%
3 LA Lakers LeBron James
99%
6 Golden State Warriors Stephen Curry
99%
5 LA Lakers Anthony Davis
98%
9 Portland Trail Blazers Damian Lillard
98%
8 Philadelphia 76ers Joel Embiid
98%
7 Denver Nuggets Nikola Jokic
98%
11 Brookyln Nets Kyrie Irving
97%
10 LA Clippers Paul George
96%
12 Houston Rockets Russell Westbrook
94%
16 Dallas Mavericks Luka Doncic
93%
35 Boston Celtics Jayson Tatum
92%
21 Miami Heat Jimmy Butler
91%
14 Utah Jazz Rudy Gobert
91%
20 Utah Jazz Donovan Mitchell
90%
18 Minnesota Timberwolves Karl-Anthony Towns
90%
32 Oklahoma City Thunder Chris Paul
89%
15 Philadelohia 76ers Ben Simmons
88%
19 Washington Wizards Bradley Beal
88%
13 Portland Trail Blazers CJ McCollum
87%
38 Golden State Warriors Draymond Green
87%
49 Golden State Warriors Klay Thompson
86%
22 Tornonto Raptors Pascal Siakam
85%
30 Phoenix Suns Devin Booker
84%
51 Boston Celtics Jaylen Brown
84%
28 Atlanta Hawks Trae Young
84%
25 Sacramento Kings De'Aaron Fox
82%
27 Denver Nuggets Jamal Murray
81%
23 Detroit Pistons Blake Griffin
80%
36 Milwaukee Bucks Khris Middleton
80%
39 Toronto Raptors Kyle Lowry
80%
71 San Antonio Spurs Dejounte Murray
79%
58 LA Clippers Lou Williams
79%
46 San Antonio Spurs DeMar DeRozan
77%
89 Brooklyn Nets Joe Harris
77%
17 Boston Celtics Kemba Walker
77%
29 Philadelphia 76ers Tobias Harris
77%
70 Denver Nuggets Gary Harris
76%
56 New Orleans Pelicans Brandon Ingram
73%
37 Philadelphia 76ers Al Horford
71%
31 New Orleans Pelicans Jrue Holiday
71%
34 Dallas Mavericks Kristaps Porzingis
71%
24 Utah Jazz Mike Conley
71%
33 Indiana Pacers Victor Oladipo
69%
43 Cleveland Cavaliers Kevin Love
68%
63 Indiana Pacers Domantas Sabonis
67%
55 Chicago Bulls Zach LaVine
67%
26 Golden State Warriors D'Angelo Russell
66%
40 Orlando Magic Nikola Vucevic
66%
45 Orlando Magic Aaron Gordon
64%
41 San Antonio Spurs LaMarcus Aldridge
64%
68 New Orleans Pelicans Lonzo Ball
64%
78 Houston Rockets Eric Gordon
63%
52 Detroit Pistons Andre Drummond
61%
53 Houston Rockets Clint Capela
61%
44 Indiana Pacers Myles Turner
60%
93 Memphis Grizzlies Ja Morant
57%
66 Phoenix Suns Deandre Ayton
56%
47 Atlanta Hawks John Collins
56%
64 Oklahoma City Thunder Shai Gilgeous-Alexander
55%
75 Oklahoma City Thunder Steven Adams
54%
80 Milwaukee Bucks Brook Lopez
53%
59 Sacramento Kings Buddy Hield
53%
61 Toronto Raptors Marc Gasol
53%
54 Memphis Grizzlies Jaren Jackson Jr.
52%
87 Boston Celtics Marcus Smart
52%
81 Miami Heat Bam Adebayo
50%
74 Sacramento Kings Bogdan Bogdanovic
50%
48 Utah Jazz Bojan Bogdanovic
50%
100 San Antonio Spurs Derrick White
50%
65 Boston Celtics Gordon Hayward
49%
92 New York Knicks Julius Randle
48%
88 Toronto Raptors Fred VanVleet
46%
50 Chicago Bulls Lauri Markkanen
46%
95 Brooklyn Nets Jarrett Allen
45%
67 Milwaukee Bucks Eric Bledsoe
44%
62 Utah Jazz Joe Ingles
41%
83 Portland Trail Blazers Jusuf Nurkic
41%
73 New Orleans Pelicans JJ Redick
38%
60 Brooklyn Nets Caris LeVert
37%
82 Houston Rockets P.J. Tucker
37%
76 Brooklyn Nets Spencer Dinwiddie
37%
77 LA Lakers Kyle Kuzma
35%
90 Chicago Bulls Otto Porter Jr.
35%
84 Phoenix Suns Ricky Rubio
34%
72 LA Clippers Montrezl Harrell
31%
98 New York Knicks Mitchell Robinson
30%
79 LA Clippers Patrick Beverley
30%
85 Denver Nuggets Paul Millsap
30%
99 Orlando Magic Evan Fournier
29%
91 Oklahoma City Thunder Danilo Gallinari
28%
96 New Orleans Pelicans Derrick Favors
28%
86 Philadelphia 76ers Josh Richardson
26%
97 Minnesota Timberwolves Robert Covington
21%
42 New Orleans Pelicans Zion Williams
12%
69 Sacramento Kings Marvin Bagley
4%
57 Indiana Pacers Malcom Brogdon
3%
94 Miami Heat Justice Winslow
2%
No matching quizzes found
Score Distribution
Percent of People with Each Score
Percentile by Number Answered
Your Score History
You have not taken this quiz